000 00491nam a22002057a 4500
003 OSt
008 250417b |||||||| |||| 00| 0 eng d
020 _a9789348642899
082 _a005.133 KUP
100 _aKUMAR, Shakti
245 _aPython Programming for Problem Solving-II
250 _a1st Ed
260 _aNew Delhi
_bAcademic
_c2025
300 _a144
700 _aARORA,Shakti
700 _aSHARMA,Shreya
700 _aTANWAR,Anil
700 _aVERMA,BK
942 _2ddc
_cBK
999 _c13304
_d13304